Pride of innocence: a novel
Guardat en:
| Autor principal: | |
|---|---|
| Format: | Llibre |
| Idioma: | anglès |
| Publicat: |
New York, USA
Popular Library
1958
|
| Col·lecció: | Popular Giant.
G227 |
| Matèries: | |
| Etiquetes: |
Afegir etiqueta
Sense etiquetes, Sigues el primer a etiquetar aquest registre!
|
MARC
| LEADER | 00000nam a2200000 a 4500 | ||
|---|---|---|---|
| 001 | UCZ8417 | ||
| 003 | CL-VaPUC | ||
| 005 | 20210921074545.0 | ||
| 008 | 960121e19580400US |||||||||||||||||eng|d | ||
| 999 | |c 244336 |d 244334 | ||
| 040 | |c Pontificia Universidad Católica de Valparaíso | ||
| 082 | 0 | 4 | |a 813 BUC 1958 |2 21 |
| 100 | 0 | |a Buckley, David |9 353704 | |
| 245 | 1 | 0 | |a Pride of innocence: a novel |
| 260 | 0 | 3 | |a New York, USA |b Popular Library |c 1958 |
| 300 | |a 252 páginas | ||
| 490 | 0 | |a Popular Giant. |v G227 | |
| 583 | |a last modification |c 19960121 00:00:00 |k Rodrigo Vera | ||
| 650 | 0 | |a Literatura estadounidense |9 317168 | |
| 650 | 0 | |a Novelas estadounidenses |9 265217 | |
| 942 | |c BK |2 ddc | ||
| 945 | |d 19960121 00:00:00 |a cmena | ||
| 952 | |0 0 |1 0 |2 ddc |4 0 |6 813_000000000000000_BUC_1958 |7 0 |8 P |9 258347 |a BIBEDU |b BIBEDU |c BIBEDU_PB |d 2019-11-19 |i 1618792 |o 813 BUC 1958 |p 1618792 |r 2024-01-25 |t 1 |w 2019-11-19 |y BK |k FIL | ||